000 00728nam a2200193 i 4500
001 68742
003 ES-MaACL
005 20230906170342.0
008 960828s1886 sp |||| | spa d
100 1 _aGil Maestre, Manuel.
_956836
245 1 3 _aLa criminalidad en Barcelona y en las grandes poblaciones /
_cpor Manuel Gil Maestre.
260 _aBarcelona :
_b[s.n.],
_c1886 (
_fTip. de Leodegario Obradors)
300 _aXII, 213 p. ;
_c21 cm.
530 _aDisponible en formato digital.
650 4 _aCrimen y criminales-
_zEspaña.
_9160537
650 4 _aDelincuencia urbana-
_zEspaña.
_9170864
852 _aES-MaACL
_jB-6238
856 _uhttp://bdh-rd.bne.es/viewer.vm?id=0000129755&page=1
_zBiblioteca Digital Hispánica
999 _c68742
_d68742